Terrascape (Record no. 83175)

MARC details
000 -LEADER
fixed length control field 01828nas a22002657a 4500
005 - DATE AND TIME OF LATEST TRANSACTION
control field 20140326160444.0
006 - FIXED-LENGTH DATA ELEMENTS--ADDITIONAL MATERIAL CHARACTERISTICS--GENERAL INFORMATION
fixed length control field a|||||r|||| 00| 0
007 - PHYSICAL DESCRIPTION FIXED FIELD--GENERAL INFORMATION
fixed length control field cr n
008 - FIXED-LENGTH DATA ELEMENTS--GENERAL INFORMATION
fixed length control field 130215uuuuuuuuu||||| |ss|||||| ||||||d
130 0# - MAIN ENTRY--UNIFORM TITLE
Uniform title Terrascape (Online)
210 10 - ABBREVIATED TITLE
Abbreviated title Terrascape
245 10 - TITLE STATEMENT
Title Terrascape
Remainder of title takes the places
Statement of responsibility, etc edited by Himanshu Joshi
260 ## - PUBLICATION, DISTRIBUTION, ETC. (IMPRINT)
Place of publication, distribution, etc New Delhi
Name of publisher, distributor, etc Himanshu Joshi
Date of publication, distribution, etc 2013-
300 ## - PHYSICAL DESCRIPTION
Extent v.
Dimensions 28 cm (Pbk)
310 ## - CURRENT PUBLICATION FREQUENCY
Current publication frequency monthly
362 ## - DATES OF PUBLICATION AND/OR SEQUENTIAL DESIGNATION
Dates of publication and/or sequential designation Dec 2013 Vol 4, Issue 7
520 ## - SUMMARY, ETC.
Summary, etc Terrascape celebrates journeys that are about places, experiences, culture, authenticity, ethnicity and photography. Terrascape will deliver informative, entertaining, relevant and thought-provoking content that feeds the mind and fuels the imagination.<br/><br/>The types of destinations we cover vary widely, from mainstream to adventure travel. A spectacularly visual magazine, Terrascape focuses on places we all dream about, and some more. Each destination is rich in distinction and character, and we actively support efforts to keep them that way. The magazine believes that enhancing an authentic “sense of place” benefits both travellers and the locations they explore.<br/><br/>Features and columns strive to see destinations with fresh eyes and real insight, draw linkages with the past, give cultural clues and historical facts all to allow you to experience a destination directly.<br/><br/>A spectacularly visual magazine for travellers and dreamers, Terrascape focuses on places we all dream about, and some more.
530 ## - ADDITIONAL PHYSICAL FORM AVAILABLE NOTE
Additional physical form available note Also available in print.
650 ## - SUBJECT ADDED ENTRY--TOPICAL TERM
Topical term or geographic name as entry element Travel
655 #0 - INDEX TERM--GENRE/FORM
Genre/form data or focus term Electronic journals.
700 ## - ADDED ENTRY--PERSONAL NAME
Personal name Joshi, Himanshu, Ed.
856 40 - ELECTRONIC LOCATION AND ACCESS
Uniform Resource Identifier <a href="http://www.terrascape.in/archive.aspx">http://www.terrascape.in/archive.aspx</a>
270 ## - ADDRESS
Address A-226, Priyadarshini Vihar 17 IP Extension
City Delhi
Postal code 110092
Telephone number 26492225
Electronic mail address terrascapemag@gmail.com
942 ## - ADDED ENTRY ELEMENTS (KOHA)
Source of classification or shelving scheme Dewey Decimal Classification
Item type Periodicals
Serial record 1
Holdings
Withdrawn status Lost status Source of classification or shelving scheme Damaged status Not for loan Collection code Home library Current library Date acquired Total Checkouts Date last seen Price effective from Koha item type
    Dewey Decimal Classification   Not For Loan Non-fiction D.B.Act.Division D.B.Act.Division 26/03/2014   26/03/2014 26/03/2014 Periodicals

© Delhi Public Library
Hit Counter
free hit counter